000 01444cam a22003135a 4500
001 13058804
003 EG-ScBUE
005 20220407114455.0
008 030115s2003 enka f b 001 0 eng d
020 _a0192801481
020 _a9780192801487
040 _aDLC
_beng
_erda
_cDLC
_dDLC
_dEG-ScBUE
082 0 4 _a410
_bMAT
_222
100 1 _aMatthews, P. H.
_q(Peter Hugoe)
_eauthor.
_939753
245 1 0 _aLinguistics :
_ba very short introduction /
_cP. H. Matthews.
264 1 _aOxford :
_bOxford University Press,
_c2003.
300 _a[xi], 134 pages :
_billustrations, maps ;
_c18 cm.
336 _2rdacontent
_atext
_btxt
337 _2rdamedia
_aunmediated
_bn
338 _2rdacarrier
_avolume
_bnc
490 0 _aVery short introductions ;
_v93
504 _aIncludes bibliographical references and index.
520 _aLinguistics falls in the gap between arts and science, on the edges of which the most fascinating discoveries and the most important problems are found. Beginning at the 'arts' end of the subject with the common origins of languages, and finishing at the 'science' end with the newest discoveries regarding language in the brain, this stimulating guide covers all the major aspects of linguistics from a refreshing and insightful angle.-publisher description.
650 7 _939740
_aLinguistics
_2BUEsh
651 _2BUEsh
653 _cApril2016
_bHHUUEENN
655 _vReading book
_934232
942 _2ddc
_cBB
999 _c21564
_d21536